Are You Smarter Than A JetPunker? - Statistics

General Stats
  • This quiz has been taken 108 times
  • The average score is 7 of 10
Answer Stats
Question Answer % Correct
What is the national plant of Japan?
99%
What is the smallest country in the world? Vatican CIty
98%
Who painted the Sistine chapel ceiling in Rome? Michelangelo
83%
How many colonies were there during the American revolution? 13
81%
What ancient empire's capital is modern day Mexico City? Aztec
81%
What was New York City originally called? New Amsterdam
80%
What is generally considered the longest river? Nile
74%
How many time zones are there in China? 1
65%
What is the longest mountain range in the world? Andes
50%
When was the name Istanbul officially put into effect? 1930
16%
No matching quizzes found
Score Distribution
Percent of People with Each Score
Percentile by Number Answered
Your Score History
You have not taken this quiz